01688 2200265 4500001002100000005001500021035002000036008004100056020001900097041000800116082001400124084001800138100004300156700003000199700002700229245009000256260003700346520088300383990002601266990002601292990002601318990002601344990002601370990002601396INLIS00000000000600520221110091424 a0010-0520006005221110 | | ind  a979-421-350-0x aind a320.959.8 a320.959.8 HUB0 aHubungan Pusat-Daeah dalam Pembangunan0 aColin MacAndrews (editor)0 aIchlasul Amal (editor)1 aHubungan Pusat-Daeah dalam Pembangunan /cColin MacAndrews dan Ichlasul Amal (editor) aJakarta :bRefika Aditama,c2003 aApa yang dicoba ditulis dalam buku ini adalah untuk memanfaatkan hasil penelitian para pakar di bidangnya masing-masing dalam menentukan isi kunci dari periode ini,yang merupakan dikotomi antara kekuasan pusat dan pembangunan daeah.Selain itu ada 3 tujuan yang harus dicapai dengan penerbitan buku ini :Pertama,menyajikan suatu pengantar menyeluruh tentang aspek pembangunan Indonesia dewasa ini terutama mengenai hakikat dan perkembangan hubungan pemerintah pusat-daerah;Kedua,sebagai pelengkap bacaa pilihan bagi mahasiswa di bidang Administrasi Negara dan Kebajikan Publik;Ketiga,terakhir ada bab-bab Khusus yang dapat dipakai sebagai bahan kuliah administrasi ,kebajikan,keuangan,ekonomi dan perencanaan dalam bidang study pembangunan. Buku ini directory oleh Ichlasul Amal secara aktif dalam arti meng-up datekan dari edisi pertama yang terbit di dalam bahasa inggris(1986) a03166/MKRI-P/III-2006 a03165/MKRI-P/III-2006 a03166/MKRI-P/III-2006 a03165/MKRI-P/III-2006 a03165/MKRI-P/III-2006 a03166/MKRI-P/III-2006